000 00772nam a2200241 a 4500
001 54031
003 BD-RjUL
005 20211209080049.0
008 161031r19901985nyu||||| |||| 00| 0 eng d
020 _a0415901367 (pbk.)
035 _a(BD-RjUL)54153
040 _aBD-RjUL
_beng
_cBD-RjUL
041 _aeng
082 _223
_a823.09
_bMOL 1990
100 1 _aModleski, Tania
_9161336
245 1 0 _aLoving with a vengeance :
_bmass-produced fantasies for women /
_cTania Modleski
260 _aNew York :
_bRoutledge,
_cc1982 [Reprinted 1988, 1990 ]
300 _a140 p. ;
_c20 cm
504 _aIncludes Bibliographical References and Index
650 _aEnglish fiction
_x History and criticism.
_9161337
650 _aWomen in literature.
_9118234
942 _2ddc
_cBK
999 _c54031
_d54031